Nashville - Choix multiples - Statistiques

Statistiques générales
  • Ce quiz a été pris 5 fois
  • Le résultat moyen est 7 sur 10
Statistiques - réponses
Question Réponse % Correct
Quel rocker français a interprété la chanson "Nashville ou Belleville", sortie en 1984 ? Eddy Mitchell
75%
De quel style de musique la ville de Nashville est-elle officieusement considérée comme la "capitale" ? La country
75%
Les Irlandais contribuèrent largement au développement des infrastructures de Nashville, comme dans le réseau ferroviaire. Après quel événement ont-ils massivement migré vers Nashville ? La Famine de la Pomme de terre
75%
Dans quel sport, une rencontre historique a-t-elle été organisée à Nashville en 1965 entre une équipe 100% afro-américaine et une équipe multiraciale à majorité blanche ? Le basketball
75%
Quel État tient sa frontière à environ 60 kilomètres au nord de Nashville, l'État voisin le plus proche de la ville ? Le Kentucky
75%
De quel État des États-Unis d'Amérique Nashville est-elle la capitale ? Le Tennessee
75%
Quelle ville forme avec La Nouvelle Orléans et Nashville, l'un des trois angles du "Mojo Triangle", cet espace qui est considéré comme le berceau de la musique populaire américaine ? Memphis
75%
Reconnaissez-vous Nashville sur l'une des images suivantes ?
50%
Quelle émission de radio célèbre de Nashville est la plus ancienne des États-Unis, connue pour la promotion de la musique précédente ? Elle est également devenue une salle de spectacles à Nashville. Grand Ole Opry
50%
Pour quel fait l'évêque catholique de Nashville Mgr William Adrian s'est rendu célèbre dans la ville en 1954 ? Il a ordonné la fin de la ségrégation raciale dans les écoles paroissiales de la ville.
50%
Aucun quiz correspondant
Distribution des résultats
% des personnes avec chaque résultat
Percentile par nombre de réponses
Votre historique - résultats
Vous n’avez pas pris ce quiz